Τροία : η μητρόπολη της χαμένης Ατλαντίδας (Ερευνα-μελέτη)

Saved in:
Bibliographic Details
Main Author: Σωκράτους, Κώστας, 1939-
Format: Book
Language:Greek
Published: Λευκωσία : [χ.ο.], 1995
Subjects:
Tags: Add Tag
No Tags, Be the first to tag this record!

MARC

LEADER 00000cam a2200000 i 4500
001 1/49193
008 040220s1995 gre d
020 |a 9963-601-08-1 
035 |l 10072375 
040 |a GR-MY-UA  |b gre  |e aacr 
041 0 |a gre 
082 0 |a 939.21 
100 1 |a Σωκράτους, Κώστας,   |d 1939- 
245 1 0 |a Τροία :  |b η μητρόπολη της χαμένης Ατλαντίδας (Ερευνα-μελέτη) /  |c Κώστα Σωκράτους 
260 |a Λευκωσία :   |b [χ.ο.],   |c 1995 
300 |a 264 σ.;  |b εικ.;  |c 24 εκ. 
651 0 |a Troy (Extinct city)  |x Antiquities. 
852 |a INST  |b SAMOS  |e 20040220  |h 939.21 ΣΩΚ  |p 005300023443  |q 005300023443  |t BK  |y 0 
901 |a BIBL3-2004-1 
909 |a Σ  |b 099429 
970 |a ΚΟΣΙΕΡΗΣ  |b ΧΡΗΣΤΟΣ  |z 2004/02/20